Les marxistes:

Bewaard in:
Bibliografische gegevens
Hoofdauteur: L'essentiel, J'ai lu
Formaat: Boek
Taal:Undetermined
Gepubliceerd in: Paris Editions J'ai lu 1965
Onderwerpen:
Tags: Voeg label toe
Geen labels, Wees de eerste die dit record labelt!
Thư viện lưu trữ: Trung tâm Học liệu Trường Đại học Cần Thơ
LEADER 00471nam a2200181Ia 4500
001 CTU_80356
008 210402s9999 xx 000 0 und d
082 |a 335.4 
082 |b L638 
100 |a L'essentiel, J'ai lu 
245 0 |a Les marxistes: 
245 0 |c J'ai lu L'essentiel 
260 |a Paris 
260 |b Editions J'ai lu 
260 |c 1965 
650 |a Economics,Marxist 
904 |i Trọng Hải 
980 |a Trung tâm Học liệu Trường Đại học Cần Thơ